Logo Biblioteca

El príncipe / (Registro nro. 632)

Detalles MARC
000 -LEADER
fixed length control field 01602nam a22002177a 4500
003 - CONTROL NUMBER IDENTIFIER
control field AR-RoUNCS
005 - DATE AND TIME OF LATEST TRANSACTION
control field 20250930155937.0
008 - FIXED-LENGTH DATA ELEMENTS--GENERAL INFORMATION
fixed length control field 250930t2006 ag |||||r|||| 00| 0 spa d
020 ## - INTERNATIONAL STANDARD BOOK NUMBER
International Standard Book Number 84-413-2186-8
040 ## - CATALOGING SOURCE
Original cataloging agency AR-RoUNCS
Transcribing agency AR-RoUNCS
080 ## - UNIVERSAL DECIMAL CLASSIFICATION NUMBER
Authority record control number or standard number 321.01
100 1# - MAIN ENTRY--PERSONAL NAME
Personal name Maquiavelo, Nicolás,
Dates associated with a name 1469-1527
Relator term autor
245 10 - TITLE STATEMENT
Title El príncipe /
Remainder of title Nicolás Maquiavelo.
260 ## - PUBLICATION, DISTRIBUTION, ETC.
Place of publication, distribution, etc. Barcelona :
Name of publisher, distributor, etc. Folio,
Date of publication, distribution, etc. 2006.
300 ## - PHYSICAL DESCRIPTION
Extent 121 p. ;
Dimensions 19 cm.
490 0# - SERIES STATEMENT
Series statement Grandes Ideas
520 3# - SUMMARY, ETC.
Summary, etc. Obra ensalzada y demonizada con parejo entusiasmo, escrita en el exilio en 1513, publicada póstumamente en 1531 y traducida por primera vez al español recién en 1821. El príncipe, de Nicolás Maquiavelo, expone con notable claridad los grandes temas de la teoría política: ¿cómo llegar al poder y de qué manera mantenerse en él? ¿cuáles son los orígenes y la estructura del poder? ¿es la política un deber o una ciencia? Temas que son abordados de manera tan sencilla y a la vez tan sugerente y llena de implicancias que a lo largo de varios siglos ha fascinado a estudiosos y gobernantes, entre ellos, a Napoleón Bonaparte, cuyos comentarios al texto se incorporan en esta edición. Nacido en Florencia en 1469, Niccolò di Bernardo del Machiavelli fue funcionario, diplomático, labriego, leñador y cuanto oficio le fuese necesario ejercer para sobrevivir, pero, esencialmente, filósofo, político y editor. Autor prolífico y de gran versatilidad, murió en 1527 ignorado y olvidado por sus contemporáneos.
650 #4 - SUBJECT ADDED ENTRY--TOPICAL TERM
Topical term or geographic name entry element FILOSOFÍA POLÍTICA
650 #4 - SUBJECT ADDED ENTRY--TOPICAL TERM
Topical term or geographic name entry element ESTADO
Form subdivision TEORÍA
942 ## - ADDED ENTRY ELEMENTS (KOHA)
Source of classification or shelving scheme Universal Decimal Classification
Koha item type Obra General
Suppress in OPAC No
Existencias
Withdrawn status Lost status Source of classification or shelving scheme Damaged status Not for loan Collection Home library Current library Date acquired Source of acquisition Total checkouts Full call number Barcode Date last seen Price effective from Koha item type
    Universal Decimal Classification     Colección General Biblioteca Escuela de Ciencias Sociales Biblioteca Escuela de Ciencias Sociales 30/09/2025 Donación 2024   321.01 000314 30/09/2025 30/09/2025 Obra General
Biblioteca de la Escuela Preuniversitaria en Ciencias Sociales y Humanísticas.
Riobamba 250 bis.
CP 2000 - Rosario - Santa Fe
E-Mail: biblioteca@esociales.unr.edu.ar